000 01018nam a22002297a 4500
005 20210325191206.0
008 s2536 th tha d
041 _atha
090 _aว V163 ป415บ 2536
100 0 _aประสิทธิ์ รักวาทิน
245 1 0 _aบทบาทและการพัฒนากองทัพเรือในอนาคต 10 ปี
260 3 _aกรุงเทพฯ :
_bวิทยาลัยป้องกันราชอาณาจักร,
_c2536
300 _a89 หน้า :
_b แผนที่ ;
_c 28 ซม.
650 0 4 _aกองทัพเรือ -- ไทย -- วิจัย
650 0 4 _aนาวิกศาสตร์ -- วิจัย
650 0 4 _aยุทธศาสตร์ทางเรือ -- วิจัย
650 0 4 _aสมุททานุภาพ -- วิจัย
850 _aNALT
942 _cRSH
997 _c000000000027685
_kVC
998 _aNISA LAUNGTONGKUM
999 _c27685
_d27685